| 000 | 00368nam a22001337a 4500 | ||
|---|---|---|---|
| 040 | _cNUST | ||
| 082 | _a200 THE | ||
| 100 |
_aFarhan Ijaz _984367 |
||
| 110 |
_aSupervisor Dr. Wasi Haider Butt _984368 |
||
| 245 | _aTH-SOF-1883-Source Code Plagiarism Detection | ||
| 260 |
_aISLAMABAD: _bNUST COLLEGE OF EME, _c2021. |
||
| 650 |
_aMS-CSE-17 _984369 |
||
| 942 |
_2ddc _cTHE |
||
| 999 |
_c586825 _d586825 |
||